Представление документа в формате MARC21

Поле Инд. ПП Название Значение
Тип записи a
Библиографический уровень m
001 Контрольный номер RU/LIBMSTU/382198260
005 Дата корректировки 20200430122331.3
008 Кодируемые данные 120214|||||||||ru |||||||||||000|||rus||
020 a ISBN 978-5-9916-1415-3
040 b Код языка каталог. rus
041 0_ a Код языка текста rus
084 a Индекс другой классификации/Индекс ББК 65.291я7
090 a Полочн. индекс 65.291
x Авторский знак Ч-16
100 1_ a Автор Чалдаева Л. А.
245 10 a Заглавие Экономика предприятия
b Продолж. заглавия учеб. для бакалавров
c Ответственность Финансовый ун-т при Правительстве Рос. Федерации
260 a Место издания Москва
b Издательство Юрайт
c Дата издания 2011
300 a Объем 347, [1] с.
b Иллюстрации/ тип воспроизводства ил.
504 a Библиография Библиогр.: с. 348
650 14 a Основная рубрика Предприятия-Экономика-Учебные издания для высших учебных заведений-Бакалавриат
653 0_ a Ключевые слова Внешнеэкономическая деятельность предприятий; Капитал предприятия; Организация производства; Производственно-хозяйственная деятельность; Финансы предприятий; Экономика предприятий; Экономические ресурсы
901 t Тип документа m
952 b Гриф литературы для ВШ Рекомендовано УМО по образованию в области финансов, учета и мировой экономики
c Вид литературы учебник